Sopranblockflöten-schule für fortgeschrittene
Saved in:
| Hovedforfatter: | |
|---|---|
| Format: | Bog |
| Sprog: | tysk |
| Udgivet: |
Mainz
B. Schott's Söhne
1960
|
| Serier: | Edition Schott, 4883
|
| Fag: | |
| Tags: |
Tilføj Tag
Ingen Tags, Vær først til at tagge denne postø!
|
MARC
| LEADER | 00000nam a2200000 a 4500 | ||
|---|---|---|---|
| 001 | UCN9757 | ||
| 003 | CL-VaPUC | ||
| 005 | 20220106123940.0 | ||
| 008 | 011221e19600000GW |||||||||||||||||ger|d | ||
| 999 | |c 298994 |d 298992 | ||
| 040 | |c Pontificia Universidad Católica de Valparaíso | ||
| 082 | 0 | 4 | |a Fd788.364193 LIN 1960 |2 21 |
| 100 | |a Linde, Hans-Martin |e autor |9 466378 | ||
| 245 | 1 | 0 | |a Sopranblockflöten-schule für fortgeschrittene |
| 260 | |a Mainz |b B. Schott's Söhne |c 1960 | ||
| 300 | |a 35 p | ||
| 490 | 0 | |a Edition Schott, 4883 | |
| 583 | |a last modification |c 20011221 00:00:00 |k Rodrigo Vera | ||
| 650 | 7 | |a FLAUTA DULCE SOPRANO - PEDAGOGIA INSTRUMENTAL |2 CL-VaPUC |9 466379 | |
| 650 | 7 | |a FLAUTA DULCE SOPRANO - REPERTORIO PROGRESIVO |2 CL-VaPUC |9 466380 | |
| 650 | 7 | |a FLAUTA DULCE SOPRANO - TECNICAS DE EJECUCION |2 CL-VaPUC |9 466381 | |
| 650 | 7 | |a FLAUTA DULCE SOPRANO - EJERCICIOS Y ESTUDIOS |2 CL-VaPUC |9 466382 | |
| 650 | 7 | |a FLAUTA DULCE SOPRANO - INTERPRETACION |2 CL-VaPUC |9 466383 | |
| 942 | |c BK |2 ddc | ||
| 945 | |d 20011221 00:00:00 |a lriquelm | ||
| 952 | |0 0 |1 0 |2 ddc |4 0 |6 FD_788_364193000000000_LIN_1960 |7 0 |8 F |9 355114 |a BIBEDU |b BIBEDU |d 2019-11-21 |i 1154192 |o Fd788.364193 LIN 1960 |p 1154192 |r 2023-11-22 |w 2019-11-21 |y BK_F |k MUS | ||